000
00314nam a2200133Ia 4500
008
150201s2006 xx 000 0 und d
082
_a
616.07
_b
R06P
100
_a
PANDA,UN
245
_a
REVIEW OF PATHOLOGY
250
_a
3RD
260
_b
JAYPEE BROTHERS
_a
DELHI
_c
2006
650
_a
PATHOLOGY
942
_2
ddc
_c
BK
_0
1
999
_c
1049
_d
1049